Avenidas de la Ciudad de Buenos Aires - Estadísticas

Estadísticas generales
  • Esta prueba ha sido intentada 701 veces
  • La puntuación promedio es 53 de 112
Estadísticas de respuestas
Respuesta % Correcto
Avenida Santa Fe
92%
Avenida 9 de Julio
91%
Avenida Corrientes
91%
Avenida Córdoba
88%
Avenida San Juan
87%
Avenida del Libertador
85%
Avenida Rivadavia
84%
Avenida San Martín
84%
Avenida Belgrano
82%
Avenida Cabildo
79%
Avenida Doctor Honorio Pueyrredón
74%
Avenida Juan B. Justo
74%
Avenida Pueyrredón
74%
Avenida Callao
73%
Avenida Entre Ríos
72%
Avenida Independencia
72%
Avenida de Mayo
70%
Avenida Jujuy
69%
Avenida La Plata
69%
Avenida General Sarmiento
66%
Avenida Figueroa Alcorta
65%
Avenida Juramento
63%
Avenida Eva Perón
62%
Avenida Congreso
61%
Avenida de los Incas
60%
Avenida General Las Heras
60%
Avenida Coronel Roca
59%
Avenida Directorio
59%
Avenida Donato Álvarez
59%
Avenida Avellaneda
58%
Avenida Brasil
58%
Avenida Nazca
58%
Avenida Paseo Colón
58%
Avenida Presidente Julio Argentino Roca
58%
Avenida Juan Bautista Alberdi
56%
Avenida Scalabrini Ortiz
56%
Avenida Boedo
55%
Avenida Coronel Díaz
55%
Avenida Díaz Vélez
55%
Avenida José María Moreno
53%
Avenida Leandro N. Alem
53%
Avenida Acoyte
52%
Avenida Álvarez Thomas
52%
Avenida Dorrego
52%
Avenida Caseros
51%
Avenida Perito Moreno
51%
Avenida de los Constituyentes
50%
Avenida Federico Lacroze
50%
Avenida Triunvirato
50%
Avenida Gaona
49%
Avenida Amancio Alcorta
47%
Avenida Ángel Gallardo
47%
Avenida Medrano
47%
Avenida Sáenz
47%
Avenida Warnes
47%
Avenida Estado de Israel
46%
Avenida Juan de Garay
45%
Avenida Francisco Beiró
43%
Avenida García del Río
43%
Avenida Monroe
43%
Avenida Álvarez Jonte
42%
Avenida Pedro Goyena
42%
Avenida Alvear
41%
Avenida Crámer
41%
Avenida Don Pedro de Mendoza
41%
Avenida Boyacá
40%
Avenida Martín García
40%
Avenida Canónigo Miguel del Corro
39%
Avenida Combatientes de Malvinas
39%
Avenida Forest
39%
Avenida General Francisco Fernández de la Cruz
39%
Avenida Montes de Oca
39%
Avenida Elcano
38%
Avenida Ricardo Balbín
38%
Avenida Antártida Argentina
37%
Avenida Regimiento de Patricios
37%
Avenida Olazábal
36%
Avenida Almirante Brown
35%
Avenida Ingeniero Huergo
35%
Avenida Roque Sáenz Peña
35%
Avenida Asamblea
34%
Avenida Costanera Rafael Obligado
34%
Avenida Lope de Vega
33%
Avenida Luis María Campos
33%
Avenida Leopoldo Lugones
32%
Avenida Segurola
32%
Avenida 27 de Febrero
31%
Avenida Almafuerte
31%
Avenida Escalada
31%
Avenida Eduardo Madero
29%
Avenida Jorge Newbery
29%
Avenida Niceto Vega
29%
Avenida Udaondo
29%
Avenida Vélez Sársfield
29%
Avenida Alicia Moreau de Justo
28%
Avenida Salvador María del Carril
28%
Avenida Chorroarín
26%
Avenida Colonia
26%
Avenida General Mosconi
26%
Avenida Virrey Vértiz
26%
Avenida Lacarra
25%
Avenida Roberto Goyeneche
25%
Avenida Quintana
23%
Avenida Intendente Cantilo
22%
Avenida Garmendia
19%
Avenida La Rábida
19%
Avenida San Isidro Labrador
19%
Avenida Juana Manso
18%
Avenida Piedra Buena
18%
Avenida Intendente Güiraldes
17%
Avenida Ruiz Huidobro
17%
Avenida Intendente Francisco Rabanal
15%
No se encontraron pruebas coincidentes
Distribución de puntuación
Porcentaje de gente con cada puntuación
Porcentaje por número respondido
Historial de tus puntuaciones
No has intentado esta prueba.